| 000 | 00436nam a2200157 i 4500 | ||
|---|---|---|---|
| 001 | 147099 | ||
| 003 | ES-MaACL | ||
| 005 | 20230906201811.0 | ||
| 007 | t| | ||
| 008 | 070921q19001950fr ||||1| fre d | ||
| 100 | 1 |
_aTurpain, Albert. _9111752 |
|
| 245 | 1 | 3 |
_aLa lumière / _cAlbert Turpain. |
| 260 |
_aCoulommiers : _b[s.n.], _c[entre 1900 y 1950] ( _fPaul Brodard) |
||
| 300 |
_a304 p. : _bil ; _c30 cm. |
||
| 852 |
_aES-MaACL _jC-2269 |
||
| 999 |
_c147099 _d147099 |
||